| 000 | 00671nab a22001577 4500 | ||
|---|---|---|---|
| 003 | ES-SlBCS | ||
| 005 | 20251012154233.0 | ||
| 008 | 240702s2025 sp ||||| |||| 00| 0 spa d | ||
| 040 |
_aES-SlBCS _bspa |
||
| 041 | _aspa | ||
| 100 | 1 |
_aGonzález Radio, Vicente _969793 |
|
| 245 | 1 | 3 |
_aEl fenómeno religioso en la diócesis de Mondoñedo-Ferrol _b: Marco teórico y reflerxión sobre los datos sociológicos del proceso de secularización contemporaneo (primera parte) _cVicente González Radío, Benito Méndez Fernández |
| 700 | 1 |
_93739 _aMendez Fernandez, Benito |
|
| 773 | 0 |
_gNúm. 38, 2025, págs. 221-257 _tEstudios Mindonienses _wRev196 _x0213-4357 |
|
| 942 |
_2lcc _cAR |
||
| 999 |
_c902309 _d902309 |
||